000 007890000a22002410004500
003 LK-CoMWRAF
005 20230902134249.0
008 230817t1914 ||||| |||| 00| 0 eng d
020 _a8170130972
040 _aLK-CoMWRAF
_dLK-CoMWRAF
_eLK-CoMWRAF
041 _aeng
082 _a297
_bNAW
100 _aNawawi
245 _aMinhaj Et Talibin:
_bA Manual of Muhammadan Law According to the School of Shafii
260 _aNew Delhi:
_bNavrang,
_c1914
300 _axiii, 571 p. ; 25 cm.
_bGlossary and index included
650 _aISLAMIC LAW-Early works
650 _aSHAFIITIES- Early works
700 _aBerg, L. W. C. van den
_etrans.
700 _aHoward, E. C
_etrans.
856 _uhttps://ia600202.us.archive.org/6/items/cu31924023205390/cu31924023205390.pdf
942 _cBK
999 _c1722
_d1722